|
|
|
|
| LEADER |
00836nab a2200217 i 4500 |
| 001 |
acta23576 |
| 005 |
20210602113015.0 |
| 008 |
161017s1960 hu o 0|| eng d |
| 022 |
|
|
|a 0001-6721
|
| 040 |
|
|
|a SZTE Egyetemi Kiadványok Repozitórium
|b hun
|
| 041 |
|
|
|a eng
|
| 100 |
1 |
|
|a Földeák Sándor
|
| 245 |
1 |
4 |
|a The synthesis of phenyl 2-piperidinoethyl sulphide and phenyl 2-piperidinoethyl sulphone, and their quarternary derivatives
|h [elektronikus dokumentum] /
|c Földeák Sándor
|
| 260 |
|
|
|c 1960
|
| 300 |
|
|
|a 102-104
|
| 490 |
0 |
|
|a Acta physica et chemica
|v 6 No. 1-4
|
| 695 |
|
|
|a Természettudomány, Kémia, Fizika, Művelődés
|
| 700 |
0 |
1 |
|a Matkovics Béla
|e aut
|
| 700 |
0 |
1 |
|a Matkovics Béla
|e aut
|
| 700 |
0 |
1 |
|a Pórszász János
|e aut
|
| 856 |
4 |
0 |
|u http://acta.bibl.u-szeged.hu/23576/1/phys_chem_006_102-104.pdf
|z Dokumentum-elérés
|